000 00540nam a2200193Ia 4500
005 20250508162320.0
008 008 250505s9999 xx 000 0 eng d
020 _a0435-51340-0
037 _aTextual
040 _aFEDL
_beng
_cFEDL
041 _aeng
_2eng
084 _a510, GOH
_qFEDL
100 _aGoh T A
_9772829
245 0 _aModel answers in additional mathematics
260 _aLondon, UK
_bHeinemann Educational Book Ltd
_c1971
300 _axvii,284p.
942 _cTEXL
_h510, GOH
999 _c1375787
_d1375787